Central Library OPAC University of Rajshahi

Islam and the contemporary world / (Record no. 32478)

MARC details
000 -LEADER
fixed length control field 00897nam a2200277 a 4500
001 - CONTROL NUMBER
control field 32478
003 - CONTROL NUMBER IDENTIFIER
rucl marc code BD-RjUL
005 - DATE AND TIME OF LATEST TRANSACTION
control field 20211209051836.0
008 - FIXED-LENGTH DATA ELEMENTS--GENERAL INFORMATION
fixed length control field 140426s1991 ilu b 000 0 eng d
020 ## - INTERNATIONAL STANDARD BOOK NUMBER
International Standard Book Number 0934905193 (pbk.)
035 ## - SYSTEM CONTROL NUMBER
System control number (OCoLC)ocm25705347
System control number (BD-RjUL)32567
040 ## - CATALOGING SOURCE
Original cataloging agency IOU
Transcribing agency IOU
Language of cataloging eng
Modifying agency BD-RjUL
041 ## - LANGUAGE CODE
Language code of text/sound track or separate title eng
082 ## - DEWEY DECIMAL CLASSIFICATION NUMBER
Classification number 297
Author mark and year CHI 1991
100 1# - MAIN ENTRY--PERSONAL NAME
Personal name Choudhury, G. W.
Fuller form of name (Golam Wahed),
Dates associated with a name 1926-
9 (RLIN) 6531
245 10 - TITLE STATEMENT
Title Islam and the contemporary world /
Statement of responsibility, etc. G.W. Choudhury.
260 ## - PUBLICATION, DISTRIBUTION, ETC. (IMPRINT)
Place of publication, distribution, etc. Des Plaines, IL :
Name of publisher, distributor, etc. Library of Islam ;
Place of publication, distribution, etc. Chicago :
Name of publisher, distributor, etc. Distributor, Kazi Publications,
Date of publication, distribution, etc. c1991.
300 ## - PHYSICAL DESCRIPTION
Pagination 227 p. ;
Size 23 cm.
504 ## - BIBLIOGRAPHY, ETC. NOTE
Bibliography, etc Includes bibliographical references (p. [223]-227).
650 #0 - SUBJECT ADDED ENTRY--TOPICAL TERM
Topical term or geographic name as entry element Islam.
9 (RLIN) 98826
Topical term or geographic name as entry element Islam and state.
9 (RLIN) 98827
Topical term or geographic name as entry element Islam and world politics.
9 (RLIN) 98828
Topical term or geographic name as entry element Islam
General subdivision History
Chronological subdivision 20th century.
9 (RLIN) 98829
942 ## - ADDED ENTRY ELEMENTS (KOHA)
Source of classification or shelving scheme Dewey Decimal Classification
Koha item type Books
Holdings
Lost status Source of classification or shelving scheme Damaged status Not for loan Collection code Permanent Location Current Location Shelving location Date acquired Source of acquisition Cost, normal purchase price Total Checkouts Full call number Date last seen Copy number Koha item type
  Dewey Decimal Classification   Not For Loan Non-fiction Central Library, University of Rajshahi Central Library, University of Rajshahi Reading Room 10/03/1991 Academic pub. 245.00   297 CHI 1991 26/04/2014 C-1 Books
  Dewey Decimal Classification     Non-fiction Central Library, University of Rajshahi Central Library, University of Rajshahi   26/02/1997 Asia foundation 0.00   297 CHI 1991 29/04/2014 C-2 Books
  Dewey Decimal Classification     Non-fiction Central Library, University of Rajshahi Central Library, University of Rajshahi   26/02/1997 Asia foundation 0.00   297 CHI 1991 29/04/2014 C-4 Books
  Dewey Decimal Classification     Non-fiction Central Library, University of Rajshahi Central Library, University of Rajshahi   26/02/1997 Asia foundation 0.00   297 CHI 1991 29/04/2014 C-3 Books
  Dewey Decimal Classification     Non-fiction Central Library, University of Rajshahi Central Library, University of Rajshahi   17/12/2011 Dhaka publishing 0.00   297 CHI 1991 29/04/2014 C-5 Books
  Dewey Decimal Classification     Non-fiction Central Library, University of Rajshahi Central Library, University of Rajshahi   12/07/1997 n     297 CHI 1991 05/12/2016 C-6 Books